[Event "11. Longericher Sommer-Open A"]
[Site "?"]
[Date "2014.08.01"]
[Round "1.25"]
[White "Liparteliani, Akaki"]
[Black "Bilgen, Erwin"]
[Result "1/2-1/2"]
[WhiteElo "1817"]
[BlackElo "1693"]
[PlyCount "139"]
[EventDate "2015.??.??"]
[BlackTeam "Düsseldorfer SV 1854"]

1. e4 d5 2. exd5 e6 3. dxe6 Bxe6 4. Nf3 Nc6 5. d4 Qe7 6. Be3 O-O-O 7. Nbd2 Qb4
8. Qc1 Nf6 9. c3 Qa5 10. Qc2 Ng4 11. Nc4 Nxe3 12. fxe3 Bxc4 13. Bxc4 Re8 14.
Bxf7 Rxe3+ 15. Kf2 Rxf3+ 16. gxf3 Bd6 17. Rhg1 g6 18. h4 Rf8 19. Rg5 Qb6 20.
Be6+ Kb8 21. Qb3 Bb4 22. Qc4 a6 23. Kg2 Be7 24. b4 Bxg5 25. hxg5 Nd8 26. Bg4
Nf7 27. Qd5 c6 28. Qd7 Ka7 29. Qe7 Qd8 30. Qc5+ b6 31. Qxc6 Nxg5 32. Re1 h5 33.
Bh3 Nxh3 34. Kxh3 Rf6 35. Re6 Rxe6 36. Qxe6 Qa8 37. f4 Qf3+ 38. Kh2 Qxf4+ 39.
Kg1 Qg3+ 40. Kf1 Qf3+ 41. Kg1 Qd1+ 42. Kg2 Qc2+ 43. Kf1 Qf5+ 44. Qxf5 gxf5 45.
c4 Kb7 46. a4 Kc6 47. Kf2 b5 48. axb5+ axb5 49. c5 Kd5 50. Kf3 h4 51. Kf4 Ke6
52. c6 Kd6 53. d5 Kc7 54. Kf3 Kd6 55. Kf4 Kc7 56. Kf3 Kb6 57. Kf4 Kc7 58. Kxf5
h3 59. Ke6 h2 60. d6+ Kxc6 61. d7 h1=Q 62. d8=Q Qe4+ 63. Kf7 Qh7+ 64. Ke6 Qg6+
65. Ke5 Qg3+ 66. Kd4 Qd6+ 67. Qxd6+ Kxd6 68. Ke4 Ke6 69. Kd4 Kd6 70. Ke4
1/2-1/2

[Event "11. Longericher Sommer-Open A"]
[Site "?"]
[Date "2014.08.01"]
[Round "1.26"]
[White "Martens, Alexander"]
[Black "Levink, Clemens"]
[Result "1/2-1/2"]
[WhiteElo "1687"]
[BlackElo "1806"]
[PlyCount "29"]
[EventDate "2015.??.??"]
[WhiteTeam "SG Porz e.V."]
[BlackTeam "SV Het Casteel (NL)"]

1. e4 c5 2. Nf3 d6 3. d4 cxd4 4. Nxd4 Nf6 5. Nc3 g6 6. Be3 a6 7. Qd2 Ng4 8. Bg5
f6 9. Bh4 Bh6 10. Qd1 Ne5 11. Be2 Nbc6 12. O-O Bd7 13. f4 Nxd4 14. Qxd4 Nc6 15.
Qf2 1/2-1/2

[Event "11. Longericher Sommer-Open A"]
[Site "?"]
[Date "2014.08.01"]
[Round "1.27"]
[White "Mandt, Joachim"]
[Black "Kagan, Dennis"]
[Result "0-1"]
[WhiteElo "1798"]
[BlackElo "1682"]
[PlyCount "84"]
[EventDate "2015.??.??"]
[WhiteTeam "Vereinigung der Schachsportfreun"]
[BlackTeam "SG Porz e.V."]

1. e4 c5 2. c3 Nf6 3. e5 Nd5 4. Nf3 Nc6 5. d4 cxd4 6. cxd4 d6 7. Bc4 e6 8. O-O
Be7 9. Re1 O-O 10. Nc3 Nb6 11. Bd3 f5 12. exf6 Bxf6 13. Bb1 Nb4 14. a3 N4d5 15.
Qd3 g6 16. Ne4 Qe7 17. Neg5 Bxg5 18. Bxg5 Rxf3 19. Qd2 Rf6 20. Ba2 Bd7 21. Re4
Qf7 22. Rae1 Rf5 23. f4 Qe8 24. g4 Rf7 25. a4 a5 26. h3 Kg7 27. f5 gxf5 28.
gxf5 Rxf5 29. Rg4 Kh8 30. Bh6 Rf7 31. Qg2 Qe7 32. Kh2 Nf6 33. Bg5 Nxg4+ 34.
Qxg4 Qf8 35. Qh4 Rc8 36. Bb1 Rf5 37. Bxf5 Qxf5 38. Bf6+ Kg8 39. Rg1+ Kf7 40.
Rg2 e5 41. Rg7+ Kf8 42. Rg2 Qf4+ 0-1

[Event "11. Longericher Sommer-Open A"]
[Site "?"]
[Date "2014.08.01"]
[Round "1.28"]
[White "Yon, Gregory"]
[Black "Berkle, Pascal"]
[Result "0-1"]
[WhiteElo "1658"]
[BlackElo "1797"]
[PlyCount "92"]
[EventDate "2015.??.??"]
[WhiteTeam "Turnerschaft Bergisch Gladbach 1"]
[BlackTeam "SV Erftstadt e.V."]

1. c4 Nf6 2. g3 e6 3. Bg2 Nc6 4. Nc3 b6 5. Nf3 Bb4 6. O-O O-O 7. d3 Bb7 8. Bg5
h6 9. Bf4 d5 10. Nb5 a6 11. Nc3 Bxc3 12. bxc3 dxc4 13. dxc4 Qe7 14. Nd4 Na5 15.
Nf3 Nxc4 16. Qc2 Be4 17. Qc1 e5 18. Bxh6 gxh6 19. Qxh6 Nh7 20. h4 Qf6 21. Qc1
Rad8 22. Ng5 Bxg2 23. Kxg2 Rd2 24. Ne4 Qc6 25. f3 Ne3+ 26. Kf2 Nxf1 27. Kxf1
Rfd8 28. Nxd2 Qd7 29. Ne4 Qh3+ 30. Kf2 Qh2+ 31. Kf1 f5 32. Ng5 Qxg3 33. Nxh7
Qh3+ 34. Kg1 Kxh7 35. Kf2 Qxh4+ 36. Ke3 Qf4+ 37. Kf2 Qh2+ 38. Ke3 f4+ 39. Ke4
Qxe2+ 40. Kf5 Rf8+ 41. Ke6 Qc4+ 42. Kxe5 Re8+ 43. Kf5 Qf7+ 44. Kg4 Rg8+ 45. Kh4
Qf6+ 46. Kh3 Qh6# 0-1

[Event "11. Longericher Sommer-Open A"]
[Site "?"]
[Date "2014.08.01"]
[Round "1.29"]
[White "Baltic, Fatih"]
[Black "Suvorov, Luca"]
[Result "1/2-1/2"]
[WhiteElo "1795"]
[BlackElo "1644"]
[PlyCount "21"]
[EventDate "2015.??.??"]
[WhiteTeam "SG Porz e.V."]
[BlackTeam "SG Porz e.V."]

1. e4 c6 2. d4 d5 3. exd5 cxd5 4. Bd3 Nc6 5. c3 Nf6 6. Bf4 Bg4 7. Qb3 Qc8 8.
Nd2 e6 9. Ngf3 Be7 10. O-O O-O 11. Ne5 1/2-1/2

[Event "11. Longericher Sommer-Open A"]
[Site "?"]
[Date "2014.08.02"]
[Round "2.1"]
[White "Lamprecht, Mark"]
[Black "Jesse, Ingemars"]
[Result "0-1"]
[WhiteElo "2190"]
[BlackElo "2363"]
[PlyCount "80"]
[EventDate "2015.??.??"]
[WhiteTeam "SF Lohmar 1974 e.V."]
[BlackTeam "SG Bochum 1931"]

1. c4 g6 2. Nc3 Bg7 3. g3 d6 4. Bg2 Nd7 5. e4 e6 6. d3 a6 7. Nge2 Rb8 8. Rb1
Ne7 9. O-O O-O 10. b4 b6 11. Qc2 c5 12. Bf4 Ne5 13. h3 N7c6 14. a3 g5 15. Be3
g4 16. f4 gxf3 17. Bxf3 Nd4 18. Bxd4 Nxf3+ 19. Rxf3 cxd4 20. Nd1 f5 21. Nf2 Bb7
22. Nf4 Qf6 23. Nh5 Qg6 24. Nf4 Qf7 25. Rf1 b5 26. cxb5 axb5 27. Qa2 Rbe8 28.
a4 bxa4 29. Qxa4 Kh8 30. Qb5 Be5 31. Kh2 Rg8 32. Ne2 Qh5 33. Kg2 Ba8 34. Qc4
Qg6 35. b5 fxe4 36. Nxe4 d5 37. Qc5 Rc8 38. Qxc8 Rxc8 39. Rf8+ Rxf8 40. Rxf8+
Kg7 0-1

[Event "11. Longericher Sommer-Open A"]
[Site "?"]
[Date "2014.08.02"]
[Round "2.2"]
[White "Rotstein, Jefim"]
[Black "Bröhl, Stephan"]
[Result "1/2-1/2"]
[WhiteElo "2356"]
[BlackElo "2151"]
[PlyCount "120"]
[EventDate "2015.??.??"]
[WhiteTeam "SC Tornado 86 Hochneukirch"]
[BlackTeam "SG Niederkassel"]

1. f4 d5 2. Nf3 Nf6 3. e3 Bg4 4. c4 c6 5. Qb3 Qb6 6. Ne5 Be6 7. d4 Nbd7 8. Nc3
g6 9. Bd2 Bg7 10. Nxd7 Bxd7 11. Qxb6 axb6 12. cxd5 cxd5 13. Be2 O-O 14. g4 e6
15. g5 Ne8 16. Nb5 Bxb5 17. Bxb5 Nd6 18. Bd3 Rfc8 19. b3 Bf8 20. Ke2 Nf5 21. a4
Be7 22. Rhc1 Nd6 23. Kf3 Rc6 24. Rxc6 bxc6 25. Rc1 Rc8 26. b4 Kf8 27. h4 Ke8
28. a5 b5 29. h5 Kd7 30. Rh1 Rf8 31. hxg6 hxg6 32. Rh7 Ne8 33. Ke2 Nc7 34. Kd1
Na6 35. Kc2 Ke8 36. Kb3 Nc7 37. Be1 Na6 38. Bc3 Bd6 39. Bd2 Be7 40. e4 Rg8 41.
exd5 exd5 42. f5 gxf5 43. Rh6 Kd7 44. Bxf5+ Kc7 45. Rh7 Bxg5 46. Rxf7+ Kb8 47.
Be1 Bd8 48. Bd7 Rg6 49. Rf8 Kc7 50. Be8 Re6 51. Bg3+ Kb7 52. Be5 Bc7 53. Bd7
Re7 54. Bc8+ Ka7 55. Bxc7 Nxc7 56. Rf6 Kb8 57. Rf8 Re3+ 58. Kc2 Ka7 59. Rf6 Kb8
60. Rf8 Ka7 1/2-1/2

[Event "11. Longericher Sommer-Open A"]
[Site "?"]
[Date "2014.08.02"]
[Round "2.3"]
[White "Lenhardt, Manfred"]
[Black "Khanukov, Boris"]
[Result "0-1"]
[WhiteElo "2103"]
[BlackElo "2339"]
[PlyCount "94"]
[EventDate "2015.??.??"]
[WhiteTeam "SC Weisse Dame e.V."]
[BlackTeam "Bahn-SC Wuppertal"]

1. d4 Nf6 2. Nf3 e6 3. c4 c5 4. g3 cxd4 5. Nxd4 Nc6 6. Bg2 Bb4+ 7. Nc3 O-O 8.
O-O a6 9. Nxc6 bxc6 10. Qc2 d5 11. Na4 Rb8 12. Rd1 Qe7 13. b3 Bb7 14. Be3 e5
15. cxd5 cxd5 16. Bc5 Bxc5 17. Qxc5 Qe6 18. Rac1 Ba8 19. Qa5 Rb5 20. Qc7 h5 21.
Nc5 Qb6 22. Nd7 Nxd7 23. Qxd7 Qe6 24. Rc7 Qxd7 25. Rxd7 d4 26. Bxa8 Rxa8 27.
Rc1 a5 28. Rcc7 Rf8 29. Re7 g6 30. Kg2 Rd5 31. Kf3 d3 32. exd3 Rxd3+ 33. Ke2
Rd5 34. h4 Kg7 35. Rb7 Kf6 36. Rec7 Ke6 37. Re7+ Kf6 38. Rec7 Ke6 39. Ra7 f6
40. Rc6+ Kf5 41. Rca6 Rfd8 42. Rxa5 Rd2+ 43. Ke1 Rd1+ 44. Ke2 R8d2+ 45. Ke3
Rd3+ 46. Ke2 R1d2+ 47. Ke1 Ke4 0-1

[Event "11. Longericher Sommer-Open A"]
[Site "?"]
[Date "2014.08.02"]
[Round "2.4"]
[White "Harff, Marcel"]
[Black "Schäfers, Andreas"]
[Result "1/2-1/2"]
[WhiteElo "2325"]
[BlackElo "2023"]
[PlyCount "54"]
[EventDate "2015.??.??"]
[WhiteTeam "SG Hochneukirch"]
[BlackTeam "SV Koblenz 03/25"]

1. Nf3 Nf6 2. c4 e6 3. g3 b6 4. Bg2 Bb7 5. O-O c5 6. Nc3 Be7 7. a3 O-O 8. Rb1
Qc8 9. d3 d5 10. Bf4 Rd8 11. Qc2 d4 12. Na4 Nbd7 13. b4 h6 14. Bd2 Qc7 15. e3
dxe3 16. fxe3 Rac8 17. Qb3 Ng4 18. Nb2 Nde5 19. Nxe5 Nxe5 20. bxc5 Bxg2 21.
Kxg2 Qc6+ 22. e4 Bxc5 23. Bf4 Rxd3 24. Nxd3 Qxe4+ 25. Kh3 Qf5+ 26. Kg2 Qe4+ 27.
Kh3 Qf5+ 1/2-1/2

[Event "11. Longericher Sommer-Open A"]
[Site "?"]
[Date "2014.08.02"]
[Round "2.5"]
[White "van der Valk, Niklas"]
[Black "Herzum, Peter"]
[Result "0-1"]
[WhiteElo "2087"]
[BlackElo "1948"]
[PlyCount "63"]
[EventDate "2015.??.??"]
[WhiteTeam "Godesberger SK 1929 e.V."]
[BlackTeam "Düsseldorfer SK 14/25 e."]

1. d4 Nf6 2. c4 c5 3. d5 b5 4. Qc2 d6 5. e4 g6 6. cxb5 Bg7 7. Nc3 O-O 8. Nf3 a6
9. a4 e6 10. dxe6 Bxe6 11. Be2 axb5 12. Bxb5 d5 13. exd5 Nxd5 14. Nxd5 Bxd5 15.
Qxc5 Bxf3 16. gxf3 Na6 17. Qa3 Nc7 18. Be2 Re8 19. Be3 Rb8 20. Rd1 Qh4 21. Qc5
Ne6 22. Qc4 Qe7 23. O-O Rb4 24. Qc6 Be5 25. Kg2 Reb8 26. Bc4 Qh4 27. f4 Nxf4+
28. Bxf4 Qxf4 29. b3 Qxh2+ 30. Kf3 Qf4+ 31. Kg2 Qg4+ 32. Kh1 0-1

[Event "11. Longericher Sommer-Open A"]
[Site "?"]
[Date "2014.08.02"]
[Round "2.6"]
[White "Kuhn, Andreas"]
[Black "Evers, Leo"]
[Result "1-0"]
[WhiteElo "1926"]
[BlackElo "2087"]
[PlyCount "103"]
[EventDate "2015.??.??"]
[WhiteTeam "SG Niederkassel"]
[BlackTeam "SG Porz e.V."]

1. Nf3 c5 2. c4 Nc6 3. g3 g6 4. Bg2 Bg7 5. Nc3 e6 6. e3 Nge7 7. O-O Nf5 8. b3
O-O 9. Bb2 a6 10. Qc2 d6 11. Rfd1 e5 12. d3 Re8 13. Rd2 Rb8 14. Ne2 Bh6 15. Re1
Bd7 16. Rdd1 b5 17. Nc3 Bg7 18. Ne4 h5 19. h4 Bc8 20. Kh2 Nh6 21. cxb5 axb5 22.
d4 Nb4 23. Qb1 f5 24. dxc5 fxe4 25. Qxe4 d5 26. Qxb4 Ng4+ 27. Kg1 e4 28. Nd4
Qf6 29. Qd2 Rf8 30. Rf1 Ne5 31. Ba1 Bg4 32. Rb1 Qf7 33. c6 Nf3+ 34. Nxf3 exf3
35. Bh1 Bxa1 36. Rxa1 Qe6 37. Rac1 Rbc8 38. Rfd1 Rfd8 39. Qd3 b4 40. Qb5 Rd6
41. c7 g5 42. hxg5 h4 43. gxh4 Bh5 44. Qxb4 Qd7 45. Qf4 Rxc7 46. Rxc7 Qxc7 47.
Bxf3 Bxf3 48. Qxf3 Qd7 49. a4 d4 50. Rxd4 Rxd4 51. exd4 Qxd4 52. g6 1-0

[Event "11. Longericher Sommer-Open A"]
[Site "?"]
[Date "2014.08.02"]
[Round "2.7"]
[White "Kossack, Philipp"]
[Black "Lindam, Ingo"]
[Result "0-1"]
[WhiteElo "1913"]
[BlackElo "2076"]
[PlyCount "106"]
[EventDate "2015.??.??"]
[WhiteTeam "SG Porz e.V."]
[BlackTeam "Kölner SK Dr. Lasker 186"]

1. d4 Nf6 2. c4 g6 3. Nc3 Bg7 4. e4 d6 5. Nf3 O-O 6. Be2 Na6 7. O-O e5 8. Be3
Ng4 9. Bg5 Qe8 10. h3 h6 11. Bc1 Nf6 12. dxe5 dxe5 13. Be3 Qe7 14. Qc2 c6 15.
Rfd1 Kh7 16. a3 Nh5 17. Qd2 Nc5 18. b4 Nb3 19. Qb2 Nxa1 20. Bc5 Qf6 21. Bxf8
Bxf8 22. Rxa1 Nf4 23. c5 g5 24. Nh2 h5 25. Bf3 Be6 26. Ne2 g4 27. hxg4 h4 28.
Nxf4 Qxf4 29. Qc1 Bh6 30. Qd1 Bg5 31. Qc2 Rd8 32. Rd1 Rxd1+ 33. Qxd1 Qc1 34.
Nf1 Qxa3 35. Qd6 Qa1 36. Be2 Qd4 37. Qb8 Qxe4 38. Bf3 Qe1 39. Qd6 Bc4 40. Qd1
Qxd1 41. Bxd1 Kh6 42. Ne3 Bxe3 43. fxe3 Kg5 44. Kh2 Be6 45. Kh3 b6 46. cxb6
axb6 47. Be2 c5 48. bxc5 bxc5 49. g3 hxg3 50. Kxg3 c4 51. Bd1 c3 52. Kf2 Bxg4
53. Bxg4 c2 0-1

[Event "11. Longericher Sommer-Open A"]
[Site "?"]
[Date "2014.08.02"]
[Round "2.8"]
[White "Arlt, Klaus"]
[Black "Schwark, Mario"]
[Result "1-0"]
[WhiteElo "2069"]
[BlackElo "1933"]
[PlyCount "31"]
[EventDate "2015.??.??"]
[WhiteTeam "SF Köln-Mülheim"]
[BlackTeam "SG Kalker/Deutze"]

1. c4 e5 2. Nc3 Nf6 3. g3 g6 4. Bg2 Bg7 5. d3 O-O 6. Nf3 Re8 7. O-O c6 8. Rb1
d5 9. cxd5 cxd5 10. Qb3 Nc6 11. Bg5 d4 12. Ne4 Rb8 13. Nfd2 Na5 14. Qa3 Bg4 15.
f3 Bf5 16. Nxf6+ 1-0

[Event "11. Longericher Sommer-Open A"]
[Site "?"]
[Date "2014.08.02"]
[Round "2.9"]
[White "Schilling, Florian"]
[Black "Walter, Andreas"]
[Result "0-1"]
[WhiteElo "1936"]
[BlackElo "2056"]
[PlyCount "78"]
[EventDate "2015.??.??"]
[WhiteTeam "Vereinslos"]
[BlackTeam "SV Dinslaken 1923 e.V."]

1. b3 e5 2. Bb2 Nc6 3. c4 Nf6 4. g3 d5 5. Bg2 d4 6. d3 Bc5 7. Nf3 O-O 8. O-O
Bf5 9. Nbd2 Qd7 10. Ng5 Rfe8 11. a3 a5 12. Nde4 Nxe4 13. Nxe4 Bf8 14. Re1 h6
15. Bc1 Be6 16. Bxh6 f5 17. Ng5 gxh6 18. Nxe6 Rxe6 19. Bd5 Kh7 20. Bxe6 Qxe6
21. e3 Bc5 22. Kg2 Rd8 23. e4 f4 24. f3 Rg8 25. Qd2 Qg6 26. Qf2 Qd6 27. Qb2 Qg6
28. Qf2 Be7 29. Rg1 fxg3 30. hxg3 Bg5 31. Rh1 Be3 32. Qe1 Nd8 33. Rh3 Ne6 34.
Kf1 Rf8 35. g4 Nf4 36. Rg3 Nxd3 37. Qxa5 Qxe4 38. Qxc7+ Kg8 39. Qe7 Rxf3+ 0-1

[Event "11. Longericher Sommer-Open A"]
[Site "?"]
[Date "2014.08.02"]
[Round "2.10"]
[White "Arold, Gerhard"]
[Black "Bieberle, Gerhart"]
[Result "1/2-1/2"]
[WhiteElo "2026"]
[BlackElo "1917"]
[PlyCount "85"]
[EventDate "2015.??.??"]
[WhiteTeam "Elberfelder SG"]
[BlackTeam "Post-Telekom SV 1925 Aachen e.V."]

1. d4 d5 2. Bf4 e6 3. e3 Bd6 4. Bxd6 Qxd6 5. Qg4 g6 6. Nd2 Nd7 7. Qg3 Ngf6 8.
c4 Qxg3 9. hxg3 c6 10. Nh3 b6 11. Be2 Bb7 12. Nf4 O-O-O 13. cxd5 cxd5 14. O-O-O
Kb8 15. Rh6 e5 16. dxe5 Nxe5 17. f3 a6 18. Nb3 Nc4 19. Bxc4 dxc4 20. Rxd8+ Rxd8
21. Nd4 Rh8 22. g4 Kc7 23. Nh3 Kd7 24. Ng5 Ke7 25. Kd2 b5 26. e4 b4 27. e5 Nd7
28. e6 fxe6 29. Ngxe6 a5 30. Ng5 Nf6 31. Rh1 Bd5 32. a3 h6 33. axb4 axb4 34.
Nh3 Kd6 35. Ra1 Kc5 36. Nc2 Ra8 37. Rxa8 Bxa8 38. g5 hxg5 39. Nxg5 Bd5 40. Nh3
Bf7 41. Nf2 Bd5 42. Ne3 Be6 43. Nc2 1/2-1/2

[Event "11. Longericher Sommer-Open A"]
[Site "?"]
[Date "2014.08.02"]
[Round "2.11"]
[White "Heinert, Eugen"]
[Black "Hoffmann, Philipp"]
[Result "1-0"]
[WhiteElo "2172"]
[BlackElo "1907"]
[PlyCount "109"]
[EventDate "2015.??.??"]
[WhiteTeam "OSC Rheinhausen 04 e.V."]
[BlackTeam "Oberbilker SV 1960"]

1. d4 Nf6 2. Bg5 Ne4 3. Bf4 d5 4. e3 Nc6 5. Bd3 Bf5 6. Nd2 Nxd2 7. Bxf5 Nc4 8.
c3 e6 9. b3 Nxe3 10. Bxe3 exf5 11. Qf3 Qd7 12. Ne2 g6 13. Bg5 Bg7 14. h4 h6 15.
Be3 h5 16. Nf4 O-O-O 17. b4 Rhe8 18. O-O Re4 19. a4 Qe7 20. g3 Bf6 21. Rfb1
Bxh4 22. gxh4 Qxh4 23. a5 Qe7 24. Nd3 Rg4+ 25. Kf1 h4 26. b5 Nb8 27. Ke2 Re4
28. Kd2 Qf6 29. Nc5 Rg4 30. Rg1 Rxg1 31. Rxg1 Qh8 32. Rh1 f6 33. Rg1 Qh7 34.
Rh1 g5 35. Kc1 g4 36. Qg2 h3 37. Qh2 Qe7 38. Qf4 Qh7 39. Qh6 Qe7 40. Qf4 Qh7
41. b6 axb6 42. axb6 cxb6 43. Na4 Kd7 44. Qg3 Qe7 45. Kb2 b5 46. Nc5+ Ke8 47.
Bd2 Kf8 48. Re1 Qd6 49. Bf4 Qb6 50. Bc7 Qa7 51. Bxd8 b4 52. Qd6+ Kg8 53. Re8+
Kh7 54. Qe7+ Kh6 55. Qxf6+ 1-0

[Event "11. Longericher Sommer-Open A"]
[Site "?"]
[Date "2014.08.02"]
[Round "2.12"]
[White "Turco, Alfonso"]
[Black "Küpper, Martin"]
[Result "1/2-1/2"]
[WhiteElo "2006"]
[BlackElo "1904"]
[PlyCount "97"]
[EventDate "2015.??.??"]
[WhiteTeam "Satranç Club 2000 e.V."]
[BlackTeam "SC Fulda"]

1. b3 e5 2. Bb2 Nc6 3. c4 Nf6 4. e3 d5 5. cxd5 Nxd5 6. a3 Bd6 7. Qc2 O-O 8. Bd3
h6 9. Nf3 Qe7 10. Be4 Be6 11. Nc3 Nf6 12. Bf5 Na5 13. Bxe6 Qxe6 14. b4 Nc4 15.
Bc1 a5 16. b5 Qg4 17. Kf1 Rfe8 18. h3 Qe6 19. g4 Nd5 20. Ne4 Ne7 21. d3 Nb6 22.
Rb1 Nbd5 23. g5 h5 24. Ke2 f5 25. gxf6 Nxf6 26. Neg5 Qd5 27. e4 Qc5 28. Qb3+
Ned5 29. Be3 Qxa3 30. Qxa3 Bxa3 31. exd5 Nxd5 32. Ne4 a4 33. Rhg1 Bf8 34. Rg5
a3 35. Nxe5 a2 36. Ra1 Be7 37. Rgg1 Bb4 38. Bd4 Nf4+ 39. Kf3 Rf8 40. Nd7 Nxh3+
41. Nef6+ Kf7 42. Rg3 Rfd8 43. Nd5 g5 44. Ne5+ Kf8 45. Nxc7 Rxd4 46. Nxa8 g4+
47. Ke2 Nf4+ 48. Kf1 Rd5 49. Nc4 1/2-1/2

[Event "11. Longericher Sommer-Open A"]
[Site "?"]
[Date "2014.08.02"]
[Round "2.13"]
[White "Hennig, Edgar"]
[Black "Lambertz, Michael"]
[Result "1-0"]
[WhiteElo "1882"]
[BlackElo "1995"]
[PlyCount "99"]
[EventDate "2015.??.??"]
[WhiteTeam "Satranç Club 2000 e.V."]
[BlackTeam "SF Esch e.V."]

1. e4 e6 2. d4 d5 3. Nc3 Bb4 4. Nge2 Nf6 5. e5 Nfd7 6. a3 Be7 7. b4 a5 8. b5 c5
9. bxc6 bxc6 10. Be3 Ba6 11. f4 O-O 12. g3 c5 13. Kf2 Nc6 14. Kg2 f6 15. dxc5
fxe5 16. fxe5 Ndxe5 17. Nd4 Qd7 18. Bxa6 Rxa6 19. Qe2 Nc4 20. Rhe1 Bf6 21. Ncb5
e5 22. Nf3 Nb4 23. axb4 Qxb5 24. c3 axb4 25. Rxa6 Qxa6 26. cxb4 Rb8 27. Rb1 Qa3
28. Bc1 Qa8 29. b5 e4 30. Nd2 Nxd2 31. Qxd2 d4 32. c6 e3 33. Qd3 Qa2+ 34. Rb2
Qd5+ 35. Kg1 Bd8 36. Bxe3 Bb6 37. Bf2 Kh8 38. Qb3 Qe4 39. Qc4 Ra8 40. Rc2 h6
41. Rc1 Rf8 42. c7 Rc8 43. Qc6 Qxc6 44. Rxc6 Bxc7 45. b6 d3 46. Rxc7 Rd8 47.
Be3 d2 48. Bxd2 Rxd2 49. b7 Rb2 50. Rc8+ 1-0

[Event "11. Longericher Sommer-Open A"]
[Site "?"]
[Date "2014.08.02"]
[Round "2.14"]
[White "Gramb, Marius"]
[Black "Ramien, David"]
[Result "1/2-1/2"]
[WhiteElo "1990"]
[BlackElo "1880"]
[PlyCount "35"]
[EventDate "2015.??.??"]
[WhiteTeam "Brühler SK 1920 e.V."]
[BlackTeam "SG Porz e.V."]

1. d4 Nf6 2. c4 g6 3. Nc3 Bg7 4. e4 d6 5. Be2 O-O 6. Bg5 c5 7. d5 h6 8. Be3 a6
9. a4 e6 10. Qd2 exd5 11. cxd5 Kh7 12. f3 Nbd7 13. Bd1 Ne5 14. b3 Qa5 15. Ra2
Nfg4 16. Nge2 Nxe3 17. Qxe3 f5 18. O-O 1/2-1/2

[Event "11. Longericher Sommer-Open A"]
[Site "?"]
[Date "2014.08.02"]
[Round "2.15"]
[White "Hajek, Florian"]
[Black "Statz, Samuel"]
[Result "0-1"]
[WhiteElo "1879"]
[BlackElo "1982"]
[PlyCount "89"]
[EventDate "2015.??.??"]
[WhiteTeam "Pulheimer Sport-Club 1924/57 e.V"]
[BlackTeam "SV Erftstadt e.V."]

1. Nf3 d5 2. e3 Nf6 3. c4 e6 4. d4 Be7 5. Nc3 O-O 6. a3 b6 7. cxd5 Nxd5 8. Qc2
Nxc3 9. Qxc3 c5 10. dxc5 Bxc5 11. Be2 Bb7 12. O-O a5 13. Bd2 Nc6 14. Rad1 Qe7
15. Ne5 Nxe5 16. Qxe5 Bd6 17. Qh5 g6 18. Qh3 Be5 19. b4 a4 20. Bf3 Bxf3 21.
Qxf3 Rac8 22. Qe4 Qc7 23. Rc1 Qd6 24. Rcd1 Qc7 25. Rc1 Qd6 26. Rcd1 Rfd8 27.
Qb1 Bxh2+ 28. Kh1 Qe5 29. g3 Bxg3 30. fxg3 Qxg3 31. Qe4 Rd5 32. Qg2 Qh4+ 33.
Qh2 Qe4+ 34. Qg2 Rh5+ 35. Kg1 Qe5 36. Rf4 Rd8 37. Qe2 Qb2 38. Kg2 Rg5+ 39. Kf3
Rgd5 40. Rd4 Rxd4 41. exd4 Qxd4 42. Qb5 h5 43. Qxa4 Qg4+ 44. Ke3 h4 45. Bc3 0-1

[Event "11. Longericher Sommer-Open A"]
[Site "?"]
[Date "2014.08.02"]
[Round "2.16"]
[White "Wolff, Michael"]
[Black "Berkle, Pascal"]
[Result "1-0"]
[WhiteElo "1955"]
[BlackElo "1797"]
[PlyCount "139"]
[EventDate "2015.??.??"]
[WhiteTeam "Ford SF Köln e.V."]
[BlackTeam "SV Erftstadt e.V."]

1. e4 c6 2. d4 d5 3. exd5 cxd5 4. c4 Nf6 5. Nc3 Nc6 6. Bg5 e6 7. Nf3 Be7 8. c5
Ne4 9. Bxe7 Qxe7 10. Rc1 O-O 11. Be2 Bd7 12. O-O b6 13. cxb6 axb6 14. a3 Rfc8
15. Qd3 Nd6 16. Qe3 Na5 17. Nxd5 Qd8 18. Nb4 Ndc4 19. Bxc4 Nxc4 20. Qb3 Bb5 21.
Rfe1 Qd6 22. h3 Rc7 23. Rc3 Ba4 24. Qa2 Bb5 25. Rec1 Qxb4 26. axb4 Rxa2 27. b3
Ra3 28. Ne5 Kf8 29. Nxc4 Ra6 30. Ne5 Rxc3 31. Rxc3 Be8 32. Rc7 Ra1+ 33. Kh2 Rb1
34. Nc4 Rxb3 35. Nd6 Rxb4 36. Rc8 Ke7 37. Nxe8 Kd7 38. Rb8 Rxd4 39. Nxg7 Kc7
40. Ra8 Kb7 41. Ra2 b5 42. Nh5 b4 43. Ng3 Kb6 44. Ne2 Rc4 45. Kg3 b3 46. Rb2
Rb4 47. Nc1 Rc4 48. Rxb3+ Kc6 49. Ne2 Kd6 50. Rb7 Rc2 51. Nd4 Rc3+ 52. f3 Rc4
53. Rxf7 Rxd4 54. Rxh7 Ke5 55. Rf7 Rd8 56. h4 Rg8+ 57. Kh3 Kd6 58. f4 e5 59.
fxe5+ Ke6 60. Rf3 Kxe5 61. h5 Ke4 62. Rg3 Rh8 63. Kh4 Kf4 64. Rg7 Rh6 65. Rf7+
Ke5 66. Kg5 Rh8 67. Kg6 Ke6 68. g4 Rg8+ 69. Rg7 Rh8 70. h6 1-0

[Event "11. Longericher Sommer-Open A"]
[Site "?"]
[Date "2014.08.02"]
[Round "2.17"]
[White "Maczkowiak, Thomas"]
[Black "Karwatzki, Hans-Jürgen"]
[Result "1-0"]
[WhiteElo "1948"]
[BlackElo "1702"]
[PlyCount "85"]
[EventDate "2015.??.??"]
[WhiteTeam "Märkischer Springer Halver-Schal"]
[BlackTeam "Vereinigung der Schachsportfreun"]

1. Nf3 d5 2. c4 d4 3. b4 Bg4 4. Qb3 Qd6 5. c5 Qf6 6. d3 Bxf3 7. gxf3 c6 8. Bg2
e5 9. Nd2 Qg6 10. O-O Nf6 11. Nc4 Nbd7 12. e3 Nd5 13. exd4 exd4 14. Re1+ Be7
15. Nd6+ Kf8 16. Nc4 b6 17. cxb6 axb6 18. Bd2 h5 19. Kh1 Qf5 20. a4 Re8 21. Re4
b5 22. axb5 cxb5 23. Na5 Bd6 24. Nb7 Bb8 25. Rxe8+ Kxe8 26. Ra8 Qe5 27. f4 Nxf4
28. Bc6 Ne6 29. f4 Qc7 30. Bxd7+ Kxd7 31. Qd5+ Ke7 32. Na5 Kf8 33. Nc6 Kg8 34.
Rxb8+ Kh7 35. Rxh8+ Kxh8 36. f5 Nf8 37. Qxb5 Qd7 38. Bf4 Qe8 39. Be5 f6 40.
Bxd4 Qe1+ 41. Bg1 Qf1 42. Qd5 Nd7 43. Ne7 1-0

[Event "11. Longericher Sommer-Open A"]
[Site "?"]
[Date "2014.08.02"]
[Round "2.18"]
[White "Kagan, Dennis"]
[Black "Roefe, Detlef"]
[Result "1/2-1/2"]
[WhiteElo "1682"]
[BlackElo "1937"]
[PlyCount "111"]
[EventDate "2015.??.??"]
[WhiteTeam "SG Porz e.V."]
[BlackTeam "SVigung 1928 Alsdorf e"]

1. e4 c5 2. Nc3 e6 3. Nge2 d6 4. g3 Nf6 5. Bg2 Be7 6. O-O O-O 7. d4 cxd4 8.
Nxd4 a6 9. a4 Qc7 10. Be3 Nbd7 11. f4 Re8 12. a5 Rb8 13. Nb3 b5 14. Kh1 Bb7 15.
Qd3 Rec8 16. Rac1 Nc5 17. Nxc5 dxc5 18. e5 Bxg2+ 19. Kxg2 Rd8 20. Qe2 Nd5 21.
Nxd5 Rxd5 22. Ra1 Rbd8 23. Rfc1 Qb7 24. Kg1 c4 25. Rd1 g6 26. Rxd5 Qxd5 27. Kf2
f6 28. Bb6 Rd7 29. Re1 Kf7 30. Qe4 f5 31. Qxd5 Rxd5 32. Ke2 Ke8 33. Rb1 Kd7 34.
b4 Kc6 35. Ke3 g5 36. Bd4 h6 37. c3 Rd8 38. Rg1 Rg8 39. Rd1 gxf4+ 40. gxf4 Rg7
41. Kf3 Rg4 42. h3 Rg8 43. Bf2 Rd8 44. Rxd8 Bxd8 45. Be1 Kd5 46. Bf2 Be7 47.
Ke3 Bd8 48. Be1 Bc7 49. Bf2 Bb8 50. Kf3 Kc6 51. Bd4 Kd5 52. Bf2 Bc7 53. Be3 Bd8
54. Bf2 h5 55. Be1 Be7 56. Ke3 1/2-1/2

[Event "11. Longericher Sommer-Open A"]
[Site "?"]
[Date "2014.08.02"]
[Round "2.19"]
[White "Leontiev, Oleg"]
[Black "Meyer, Stefan"]
[Result "1-0"]
[WhiteElo "1900"]
[BlackElo "1740"]
[PlyCount "71"]
[EventDate "2015.??.??"]
[WhiteTeam "1. Schach-Klub Troisdorf e.V."]
[BlackTeam "SV Grevenbroich 1953"]

1. d4 Nf6 2. Nf3 d5 3. e3 e6 4. Bd3 Nbd7 5. O-O Bd6 6. b3 O-O 7. Bb2 c6 8. Nbd2
Re8 9. Ne5 Be7 10. f4 c5 11. Qf3 Nf8 12. g4 N6d7 13. Qh3 Nxe5 14. fxe5 Bd7 15.
Rf2 Ng6 16. Raf1 Rf8 17. Nf3 Qc7 18. Qh5 a6 19. Ng5 Bxg5 20. Qxg5 Bb5 21. c4
dxc4 22. bxc4 Bd7 23. Ba3 b6 24. h4 f6 25. Qh5 Be8 26. dxc5 Qxe5 27. Qxe5 Nxe5
28. Be4 Rb8 29. cxb6 Rf7 30. c5 Nxg4 31. Rb2 Nxe3 32. Rc1 f5 33. c6 fxe4 34. c7
Rc8 35. b7 Rfxc7 36. Rxc7 1-0

[Event "11. Longericher Sommer-Open A"]
[Site "?"]
[Date "2014.08.02"]
[Round "2.20"]
[White "Wärtsch, Michael"]
[Black "Heyn, Peter"]
[Result "1/2-1/2"]
[WhiteElo "1743"]
[BlackElo "1882"]
[PlyCount "46"]
[EventDate "2015.??.??"]
[WhiteTeam "SG Lüdenscheid e"]
[BlackTeam "Düsseldorfer SV 1854"]

1. e4 e6 2. d4 d5 3. e5 c5 4. c3 Nc6 5. Nf3 Qb6 6. a3 c4 7. Nbd2 Na5 8. g3 Ne7
9. Bg2 Bd7 10. O-O Nf5 11. Re1 Be7 12. Qc2 h5 13. Nf1 Nb3 14. Rb1 a5 15. Bg5 h4
16. Bxe7 Kxe7 17. Ne3 hxg3 18. Nxf5+ exf5 19. fxg3 Be6 20. Nh4 g6 21. Qf2 Rh7
22. Qf4 Rah8 23. Qg5+ Kd7 1/2-1/2